=LDR 00000nam 2200000 4500 =001 NUTBA000000000005558 =005 20141104072042.0 =006 =007 =008 =035 ##$$a 0010-111400000000037 =040 ##$$a NBPDMAT =082 ##$$a 372.8 =090 ##$$a 372.8 Aru l =100 ##$$a Arum Puspita =245 ##$$a LKS utama ilmu pengetahuan sosial ( IPS ) untukSD kelas 2 semester 1$cArum Puspita =250 ##$$a Cet. 1 =260 ##$$a Jakarta$bWidya Utama$c2007 =300 ##$$a 64 hlm$ ilus$c29 cm =650 ##$$a IPS SD Soal dan latihan =850 ##$$a IPS SD-Soal dan Latihan